Sitcoms Starring Black Actors Quiz Stats

Quiz Updated Nov 9, 2016

Challenge
Share
Tweet
Embed
Score 0/30 Timer 06:00
2 Plays Today
Number of Episodes (Years on Air) Sitcom % Correct
197 (1984 - 1992)The Cosby Show
80.2%
148 (1990 - 1996)The Fresh Prince of Bel-Air
80.2%
253 (1975 - 1985)The Jeffersons
63.3%
215 (1989 - 1998)Family Matters
50.4%
189 (1978 - 1986)Diff'rent Strokes
41.7%
130 (1974 - 1979)Good Times
39.2%
134 (1972 - 1977)Sanford and Son
33.4%
100 (2003 - 2007)That's So Raven!
32.6%
166 (2006 - ongoing)Tyler Perry's House of Payne
29.2%
144 (1987 - 1993)A Different World
28.6%
119 (1994 - 1999)Sister, Sister
27.4%
132 (2009 - ongoing)Tyler Perry's Meet the Browns
23.3%
122 (2001 - 2005)My Wife & Kids
21.7%
132 (1992 - 1997)Martin
20.7%
127 (1996 - 2001)Moesha
18.6%
Number of Episodes (Years on Air) Sitcom % Correct
104 (2001 - 2006)The Bernie Mac Show
17.7%
116 (1985 - 1990)227
15.1%
101 (1992 - 1997)Hangin' with Mr. Cooper
13.4%
110 (1986 - 1991)Amen
12.4%
118 (1993 - 1998)Living Single
12.1%
172 (2000 - 2008)Girlfriends
12.1%
158 (1979 - 1986)Benson
12.1%
122 (1996 - 2002)The Steve Harvey Show
12%
100 (1995 - 1999)The Wayans Bros
10.6%
144 (1983 - 1987)Webster
10.3%
100 (1996 - 2001)The Jamie Foxx Show
9%
137 (1981 - 1987)Gimme a Break!
6.1%
111 (1999 - 2004)The Parkers
5.6%
113 (2001 - 2006)One on One
4.1%
112 (1969 - 1974)Room 222
1.2%

You're not logged in!

Compare scores with friends on all Sporcle quizzes.
Join for Free
OR
Log In

You Might Also Like...

Show Comments

Extras

Top Quizzes Today


Score Distribution

Your Account Isn't Verified!

In order to create a playlist on Sporcle, you need to verify the email address you used during registration. Go to your Sporcle Settings to finish the process.

Report this User

Report this user for behavior that violates our Community Guidelines.

Details: